| 000 | | | 04149nmc2a22000003x 450 |
| 001 | | | 8020107d-d38a-4cb6-b31c-aa08d49780b7 |
| 005 | | | 20181009223444.0 |
| 100 | ## | $a | 20161223l18211821k l0rusy0189 ca |
| 101 | 0# | $a | rus |
| 102 | ## | $a | RU |
| 200 | 1# | $a | Прошение мещанина Федора Гордеева о принятии от него билета сохранной казны в качестве залога содержателя буфетов Малого театра Игнатия Лаптева |
| | $j | январь 1821 г. |
| 251 | ## | $c | Дело |
| 300 | ## | $a | Дело |
| 300 | ## | $a | Ориг. заголовок дела: Прошение мещанина Федора Гордеева о принятии от него билета сохранной казны в качестве залога содержателя буфетов Малого театра Игнатия Ломтева. январь 1821 г |
| 801 | #0 | $a | RU |
| | $b | РГИА |
| | $c | 20161223 |
| | $g | RCR |
| 801 | #1 | $a | RU |
| | $b | ГлавНИВЦ |
| | $c | 20161223 |
| | $2 | rusmarc |
| 801 | #2 | $a | RU |
| | $b | ПБ им. Б.Н. Ельцина |
| | $c | 20181009 |
| | $g | RCR |
| | $2 | rusmarc |
| 850 | ## | $a | РГИА |
| 852 | ## | $a | РГИА |
| | $e | Федеральное казенное учреждение "Российский государственный исторический архив" (РГИА) |
| | $j | 2198 |
| 937 | ## | $h | РГИА |
| | $d | 12236179 |
| | $a | ASBIBLIO_SCAN |
| 462 | #0 | $1 | 001dd3991dc-24e1-42ec-8838-ca4255420416 |
| | $1 | 2001 |
| | $a | 1746-1850 гг. |
| | $1 | 251 |
| | $c | Опись |
| | $1 | 852 |
| | $j | 1 |
| 461 | #0 | $1 | 0019264ebf8-de62-4f1a-9eb4-9f22098dbbd5 |
| | $1 | 2001 |
| | $a | Дирекция императорских театров МИДв |
| | $1 | 251 |
| | $c | Фонд |
| | $1 | 852 |
| | $j | 497 |
| 215 | ## | $a | 3 л. |
| | $d | 36,5х26 см |
| 371 | ## | $a | Документ не является опубликованным и широко распространяемым |
| 105 | ## | $a | y### |
| 122 | 2# | $a | d |
| 517 | 1# | $a | Прошение мещанина Федора Гордеева о принятии от него билета сохранной казны в качестве залога содержателя буфетов Малого театра Игнатия Ломтева. январь 1821 г |
| 035 | ## | $a | 8020107d-d38a-4cb6-b31c-aa08d49780b7 |
| 856 | ## | $u | http://readingroom.main.prlib.ru/item.aspx?id_node=n119110980&mode=full |